MARC

LEADER 00000nam0a2200000 4500
001 67630
005 20231031073714.0
035 |a (RuTPU)RU\TPU\book\72012 
090 |a 67630 
100 |a 20040917d1960 km y0rusy50 ca 
101 0 |a rus 
102 |a RU 
105 |a a z 001zy 
200 1 |a Струйные аппараты  |f Е. Я. Соколов, Н. М. Зингер 
210 |a Москва  |a Ленинград  |c Госэнергоиздат  |d 1960 
215 |a 208 с.  |c ил. 
320 |a Библиогр.: с. 206-208 
610 1 |a струйные аппараты 
610 1 |a газоструйные компрессоры 
610 1 |a газоструйные эжекторы 
610 1 |a газоструйные инжекторы 
610 1 |a пневмотранспорт 
610 1 |a водовоздушные эжекторы 
610 1 |a струйные аппараты 
610 1 |a пароводяные инжекторы 
675 |a 621.5  |v 3 
675 |a 621.6  |v 3 
700 1 |a Соколов  |b Е. Я.  |g Ефим Яковлевич 
701 1 |a Зингер  |b Н. М.  |g Николай Михайлович 
801 1 |a RU  |b 63413507  |c 20040917  |g PSBO 
801 2 |a RU  |b 63413507  |c 20061204  |g PSBO 
942 |c BK